000 00545nam a2200181Ia 4500
003 OSt
005 20240217121235.0
008 210210b1935 xxu||||| |||| 00| 0 eng d
040 _cAL
041 _aKannada
082 _a852/233
100 _aGURU BASAVAPPA FAKIRAPPA ಗುರು ಬಸವಪ್ಪಾ ಫಕೀರಪ್ಪಾ
_9151918
245 _aLingapujeya tatvagalu
_b ಲಿಂಗಪೂಜೆಯ ತತ್ವಗಳು
260 _aMangaluru
_b-
_c1935
690 _aKannada Prose
_9151919
906 _a018801
942 _2ddc
_cBK
999 _c142355
_d142355